00388nam a2200145Ia 4500008004100000020001800041041000800059082001700067100002000084245004500104250000600149260004400155300001300199650003000212210716s2005 xx 000 0 und d a9780199204472 aeng a658.303 TAYM aTayeb, Monir H. aInternational human resource management. a1 aNew YorkbOxford University Pressc2005 axiii,242 aHuman Resource Management